00650nam a22002297a 4500003000500000005001700005008004100022010001000063011001000073035001000083040000900093082001600102100002500118245008700143260006600230300001100296490002000307650002500327650002800352700002000380830002000400CHAP20220817042403.0971013s1993 r 00010 d a43113 a44085 a48223 cCHAP a631.521bJ600aJoly, Pierre-Benoit. aLes artifices du vivantb: stratégies d'innovation dans l'industrie des semences aParis :bInstitut National de la Recherche Agronomique,c1993 a422 p. aINRA. Economica14aSemillasxIndustria.14aSemillasxMejoramiento.0 aDucos, Chantal.0 aINRA. Economica